[Event "Stuttgarter Stadtmeisterschaft B"]
[Site "Ditzingen"]
[Date "2015.05.16"]
[Round "5.19"]
[White "Pocrnic, Josip"]
[Black "Sax, Leon"]
[Result "0-1"]
[WhiteElo "1782"]
[BlackElo "1509"]
[PlyCount "84"]
[EventDate "2015.??.??"]
[WhiteTeam "SF Conweiler"]
[BlackTeam "SK Sachsenheim"]

1. e4 e6 2. d4 d5 3. Nd2 Nf6 4. e5 Nfd7 5. Bd3 c5 6. c3 Nc6 7. Ne2 a6 8. O-O
Be7 9. Kh1 O-O 10. f4 f5 11. Nf3 c4 12. Bc2 b5 13. a3 Nb6 14. Bd2 Bd7 15. Rg1
Be8 16. Ng3 Bh4 17. Nf1 Bf2 18. Ng5 Qe7 19. Ng3 Bxg1 20. Kxg1 h6 21. Nf3 Bf7
22. h4 Rfb8 23. Qe1 a5 24. Bxf5 exf5 25. Nxf5 Qf8 26. Qg3 Kh8 27. Nd6 Nc8 28.
Nxc8 Qxc8 29. Kf2 Ne7 30. Ng5 hxg5 31. hxg5 Kg8 32. Qf3 Kf8 33. g4 Bg6 34. Qh3
Kf7 35. Kg3 Qh8 36. Qf1 Bd3 37. Qf3 Be4 38. e6+ Kxe6 39. f5+ Kd7 40. Qf4 Qh7
41. g6 Nxg6 42. fxg6 Qxg6 0-1

[Event "Stuttgarter Stadtmeisterschaft B"]
[Site "Ditzingen"]
[Date "2015.05.16"]
[Round "5.20"]
[White "Schröck, Holger"]
[Black "Brunner, Jan"]
[Result "1/2-1/2"]
[WhiteElo "1499"]
[BlackElo "1773"]
[PlyCount "54"]
[EventDate "2015.??.??"]
[WhiteTeam "TSV Heumaden"]
[BlackTeam "SpVgg Rommelshausen"]

1. d4 Nf6 2. c4 e6 3. Nc3 Bb4 4. Nf3 b6 5. Bg5 Bb7 6. e3 O-O 7. Bd3 d5 8. O-O
Bxc3 9. bxc3 c5 10. cxd5 exd5 11. Re1 Nbd7 12. e4 dxe4 13. Bxe4 Bxe4 14. Rxe4
Re8 15. Rxe8+ Qxe8 16. Qd3 Qe4 17. Qd2 Qd5 18. dxc5 Qxc5 19. Be3 Qc6 20. Rd1
Rc8 21. Bd4 h6 22. Rb1 Qc4 23. Qb2 Re8 24. Re1 Re4 25. Rxe4 Nxe4 26. h3 Ndc5
27. Ne5 Qd5 1/2-1/2

[Event "Stuttgarter Stadtmeisterschaft B"]
[Site "Ditzingen"]
[Date "2015.05.16"]
[Round "5.21"]
[White "Waibel, Christian"]
[Black "Gheng, Dominik"]
[Result "1/2-1/2"]
[WhiteElo "1481"]
[BlackElo "1771"]
[PlyCount "70"]
[EventDate "2015.??.??"]
[WhiteTeam "SG Schwäbisch Gmünd 1872 e.V"]
[BlackTeam "Schach-Kids Bernhausen e.V."]

1. e4 e5 2. Nf3 Nc6 3. Bc4 Bc5 4. O-O Nf6 5. d3 O-O 6. Bg5 h6 7. Bh4 d6 8. h3
a6 9. Nbd2 Na5 10. Bb3 Nxb3 11. Nxb3 Ba7 12. Rc1 c5 13. c4 g5 14. Bg3 b5 15.
cxb5 axb5 16. Qd2 c4 17. dxc4 Nxe4 18. Qd5 Bb7 19. Qxb7 Nxg3 20. Rfe1 Qf6 21.
Nbd2 e4 22. Nxe4 Nxe4 23. Qxe4 Qxb2 24. Rc2 Qb4 25. cxb5 Qxb5 26. Rd1 Bc5 27.
Rcd2 Rae8 28. Qc2 Rc8 29. Rd5 f5 30. Qd2 Qb4 31. Qxb4 Bxb4 32. Nd4 f4 33. Nf5
Kh7 34. Nxd6 Ra8 35. R5d4 Bxd6 1/2-1/2

[Event "Stuttgarter Stadtmeisterschaft B"]
[Site "Ditzingen"]
[Date "2015.05.16"]
[Round "5.22"]
[White "Strauss, Martin"]
[Black "Kelemen, Alexander"]
[Result "1/2-1/2"]
[WhiteElo "1758"]
[BlackElo "1688"]
[PlyCount "44"]
[EventDate "2015.??.??"]
[WhiteTeam "SC Sillenbuch"]
[BlackTeam "SC Weiße Dame Ulm"]

1. e4 c5 2. Nf3 d6 3. Bb5+ Bd7 4. Bxd7+ Qxd7 5. d4 cxd4 6. Nxd4 Nf6 7. Nc3 g6
8. Bg5 Bg7 9. Qd2 Nc6 10. Nf3 O-O 11. O-O Rfd8 12. Rad1 a6 13. Rfe1 Rac8 14.
Bxf6 Bxf6 15. Nd5 Rb8 16. Nxf6+ exf6 17. c4 Qc7 18. Qf4 Kg7 19. c5 Ne5 20. cxd6
Rxd6 21. Nxe5 Rxd1 22. Rxd1 fxe5 1/2-1/2

[Event "Stuttgarter Stadtmeisterschaft B"]
[Site "Ditzingen"]
[Date "2015.05.16"]
[Round "5.23"]
[White "Kobald, Matthias"]
[Black "Götzfried, Alexander"]
[Result "0-1"]
[WhiteElo "1683"]
[BlackElo "1893"]
[PlyCount "62"]
[EventDate "2015.??.??"]
[WhiteTeam "SV Stuttgart-Wolfbusch"]
[BlackTeam "Stuttgarter SF 1879"]

1. e4 c6 2. d4 d5 3. Nc3 dxe4 4. Nxe4 Bf5 5. Ng3 Bg6 6. Nf3 Nd7 7. Bd3 Ngf6 8.
O-O e6 9. Bf4 Be7 10. Qd2 Bxd3 11. Qxd3 O-O 12. Rad1 Nd5 13. Bc1 Qc7 14. Rfe1
Bd6 15. Ng5 N7f6 16. N5e4 Bf4 17. Nxf6+ Nxf6 18. Bxf4 Qxf4 19. c3 h5 20. Re3 h4
21. Rf3 Qg4 22. Ne2 Rad8 23. Qc2 Rd5 24. h3 Qe4 25. Qxe4 Nxe4 26. Rf4 Nf6 27.
Rxh4 g5 28. Rg4 Nxg4 29. hxg4 Rfd8 30. Ng3 c5 31. Ne4 Kg7 0-1

[Event "Stuttgarter Stadtmeisterschaft B"]
[Site "Ditzingen"]
[Date "2015.05.16"]
[Round "5.24"]
[White "Lang, Thomas"]
[Black "Götze, Peter"]
[Result "0-1"]
[WhiteElo "1653"]
[BlackElo "1862"]
[PlyCount "44"]
[EventDate "2015.??.??"]
[WhiteTeam "SV Jedesheim"]
[BlackTeam "SV Besigheim"]

1. e4 d6 2. d4 Nf6 3. Nc3 c6 4. f4 Qa5 5. Bd2 e5 6. fxe5 dxe5 7. dxe5 Qxe5 8.
Nf3 Qc7 9. a4 Bg4 10. Be2 Bc5 11. g3 O-O 12. Bf4 Qb6 13. h3 Bxf3 14. Bxf3 Qxb2
15. Ne2 Na6 16. Rb1 Qa3 17. Rb3 Qxa4 18. Rxb7 Nxe4 19. Bxe4 Qxe4 20. Rh2 Nb4
21. c3 Nc2+ 22. Kf1 Qf3+ 0-1

[Event "Stuttgarter Stadtmeisterschaft B"]
[Site "Ditzingen"]
[Date "2015.05.16"]
[Round "5.25"]
[White "Collin, Alexander"]
[Black "Fuss, Thomas"]
[Result "0-1"]
[WhiteElo "1591"]
[BlackElo "1857"]
[PlyCount "116"]
[EventDate "2015.??.??"]
[WhiteTeam "Schach-Pinguine Murrhardt"]
[BlackTeam "SV Rottweil"]

1. e4 c5 2. c3 Nf6 3. e5 Nd5 4. d4 Nc6 5. Nf3 e6 6. Bc4 Nb6 7. Bb3 d6 8. dxc5
dxc5 9. Qxd8+ Nxd8 10. Be3 Nd5 11. Bxd5 exd5 12. Na3 Bd7 13. O-O-O Bc6 14. Nh4
g6 15. f4 Be7 16. Nf3 Ne6 17. Nc2 O-O-O 18. Rhf1 h5 19. Rd2 Rd7 20. Rfd1 a5 21.
a3 a4 22. Kb1 Bd8 23. Ng1 Bc7 24. g3 Rhd8 25. Ne2 Ba5 26. h3 d4 27. Nexd4 cxd4
28. Bxd4 Bf3 29. Rf1 Be4 30. Rfd1 Bb6 31. Kc1 Bxc2 32. Rxc2 Kb8 33. Rcd2 Nxd4
34. cxd4 Rxd4 35. Rxd4 Rxd4 36. Rxd4 Bxd4 37. Kc2 Kc7 38. g4 hxg4 39. hxg4 Kc6
40. b3 axb3+ 41. Kxb3 Kd5 42. a4 Be3 43. f5 gxf5 44. gxf5 Kxe5 45. Kc4 Kxf5 46.
Kd3 Bb6 47. Ke2 Ke4 48. Ke1 f5 49. Ke2 f4 50. a5 Bxa5 51. Kf2 f3 52. Kf1 Ke3
53. Kg1 Ke2 54. Kh2 f2 55. Kg3 f1=Q 56. Kg4 Qf6 57. Kh5 Qg7 58. Kh4 Kf3 0-1

[Event "Stuttgarter Stadtmeisterschaft B"]
[Site "Ditzingen"]
[Date "2015.05.16"]
[Round "5.26"]
[White "Muench, Werner"]
[Black "Tsybulevsky, Juri"]
[Result "1-0"]
[WhiteElo "1804"]
[BlackElo "1676"]
[PlyCount "81"]
[EventDate "2015.??.??"]
[WhiteTeam "SC Widdern"]
[BlackTeam "Stuttgarter SF"]

1. d4 e6 2. c4 c5 3. d5 d6 4. Nc3 Nf6 5. e4 Na6 6. Bd3 Nb4 7. Nge2 Nxd3+ 8.
Qxd3 g6 9. O-O Bg7 10. b3 a6 11. Bb2 Qc7 12. Rae1 O-O 13. f4 exd5 14. cxd5 b5
15. Ng3 Rb8 16. e5 Ne8 17. e6 fxe6 18. dxe6 c4 19. bxc4 Qxc4 20. Qxc4 bxc4 21.
Ba1 Bb7 22. Rd1 Rf6 23. f5 gxf5 24. Nxf5 Rxe6 25. Nxg7 Kxg7 26. Nd5+ Kh6 27.
Nf4 Re4 28. Rf3 Kg5 29. Nh3+ Kh6 30. Nf4 Rd8 31. Rh3+ Kg5 32. g3 h6 33. Rh5+
Kg4 34. Rxh6 d5 35. Rf1 d4 36. Rh4+ Kg5 37. Rh5+ Kg4 38. Rh4+ Kg5 39. Rh5+ Kg4
40. h3+ Kxg3 41. Rg5+ 1-0

[Event "Stuttgarter Stadtmeisterschaft B"]
[Site "Ditzingen"]
[Date "2015.05.16"]
[Round "5.27"]
[White "Michna, Marcus"]
[Black "Kußmann, Alexander"]
[Result "1-0"]
[WhiteElo "1798"]
[BlackElo "1681"]
[PlyCount "65"]
[EventDate "2015.??.??"]
[WhiteTeam "TSF Ditzingen"]
[BlackTeam "SC Aidlingen"]

1. d4 c5 2. e3 e6 3. Nf3 Nf6 4. Bd3 Nc6 5. c3 d5 6. Nbd2 b6 7. O-O Bd6 8. Qe2
O-O 9. e4 dxe4 10. Nxe4 Nxe4 11. Qxe4 f5 12. Qxc6 Rb8 13. Bg5 Be7 14. Bxe7 Qxe7
15. Rad1 Bd7 16. Qc7 Rbc8 17. Qe5 cxd4 18. cxd4 h6 19. Rc1 Bc6 20. Ba6 Bxf3 21.
Rxc8 Rxc8 22. Bxc8 Bd5 23. Re1 Kf7 24. Qxd5 exd5 25. Rxe7+ Kxe7 26. Bxf5 Kf6
27. Bc8 g6 28. Kf1 h5 29. h4 Ke7 30. Ke2 Kd6 31. Ba6 Ke6 32. Ke3 Kf6 33. Kf4
1-0

[Event "Stuttgarter Stadtmeisterschaft B"]
[Site "Ditzingen"]
[Date "2015.05.16"]
[Round "5.28"]
[White "Schreiber, Stephan"]
[Black "Meißner, Fabian"]
[Result "1-0"]
[WhiteElo "1767"]
[BlackElo "1666"]
[PlyCount "79"]
[EventDate "2015.??.??"]
[WhiteTeam "SC Botnang"]
[BlackTeam "SG Ludwigsburg"]

1. d4 Nf6 2. Bf4 e6 3. e3 b6 4. h3 Bb7 5. Nf3 d5 6. Bd3 Nbd7 7. Nbd2 c5 8. c3
Be7 9. O-O Ne4 10. Re1 O-O 11. Ne5 Ndf6 12. Nxe4 dxe4 13. Bb5 Qc8 14. Nc4 a6
15. Nxb6 Qd8 16. Nxa8 axb5 17. Nc7 Qd7 18. dxc5 Qc6 19. Bd6 Rd8 20. Qb3 Bxd6
21. cxd6 Qxd6 22. Nxb5 Qe7 23. Red1 Ra8 24. Rd2 Bc6 25. Qc4 Bd5 26. Qc7 Kf8 27.
Qxe7+ Kxe7 28. Nc7 Ra5 29. Nxd5+ exd5 30. b4 Ra3 31. Rc2 Nd7 32. c4 Kd6 33. Rd1
Rd3 34. c5+ Kc6 35. Rxd3 exd3 36. Rd2 Kb5 37. Rxd3 Kxb4 38. c6 Nb6 39. c7 Kc5
40. Rb3 1-0

[Event "Stuttgarter Stadtmeisterschaft B"]
[Site "Ditzingen"]
[Date "2015.05.16"]
[Round "5.29"]
[White "Herbst, Rudolf"]
[Black "Potthast, Christian"]
[Result "1/2-1/2"]
[WhiteElo "1681"]
[BlackElo "1751"]
[PlyCount "44"]
[EventDate "2015.??.??"]
[WhiteTeam "SG Fasanenhof"]
[BlackTeam "SF Kornwestheim"]

1. c4 c6 2. Nc3 d5 3. cxd5 cxd5 4. d4 Nc6 5. Nf3 Bf5 6. Bf4 a6 7. e3 e6 8. Bd3
Bxd3 9. Qxd3 Nf6 10. O-O h6 11. Ne5 Nxe5 12. Bxe5 Bd6 13. Bxd6 Qxd6 14. Rac1
O-O 15. h3 b5 16. Rc2 Rfc8 17. Rfc1 Qd7 18. Qd1 Ne8 19. Ne2 Nd6 20. b3 Rxc2 21.
Rxc2 Rc8 22. Nf4 Rxc2 1/2-1/2

[Event "Stuttgarter Stadtmeisterschaft B"]
[Site "Ditzingen"]
[Date "2015.05.16"]
[Round "5.30"]
[White "Theuer, Tobias"]
[Black "Günay, Nuri"]
[Result "1-0"]
[WhiteElo "1560"]
[BlackElo "1742"]
[PlyCount "104"]
[EventDate "2015.??.??"]
[WhiteTeam "SG Schwäbisch Gmünd 1872 e.V"]
[BlackTeam "SK Sachsenheim"]

1. e4 e6 2. d4 d5 3. exd5 exd5 4. Nf3 Bd6 5. c4 c6 6. Nc3 Ne7 7. Bd3 Be6 8. Qe2
dxc4 9. Bxc4 Bxc4 10. Qxc4 O-O 11. O-O h6 12. Ne4 Nd5 13. Ne5 Bc7 14. Nc5 Bxe5
15. dxe5 Qe7 16. Nd3 Nd7 17. f4 Rac8 18. Bd2 Rfe8 19. Nb4 N7b6 20. Nxd5 Nxd5
21. Qd4 a6 22. Rae1 Rcd8 23. Qf2 f6 24. Kh1 f5 25. Rc1 Qf7 26. Ba5 Rd7 27. Rfd1
Re6 28. Qc2 Rde7 29. Qc4 Re8 30. Bb4 Ne3 31. Qb3 Nxd1 32. Rxd1 Rg6 33. Qxf7+
Kxf7 34. Rd7+ Kg8 35. Rxb7 Rge6 36. Ra7 Rb8 37. Bc3 c5 38. Kg1 Kh7 39. Kf2 Rc8
40. Kf3 Kg6 41. Ke3 Rd8 42. Rc7 Rd5 43. b3 h5 44. Bb2 Rd1 45. Rxc5 Rb1 46. Ba3
Ra1 47. Rc2 h4 48. Kf3 Kh5 49. Bb4 Rd1 50. Rc7 Kh6 51. Rc8 Kh7 52. Rc7 Rd2 1-0

[Event "Stuttgarter Stadtmeisterschaft B"]
[Site "Ditzingen"]
[Date "2015.05.16"]
[Round "5.31"]
[White "Boschmann, Werner"]
[Black "Richter, Nils"]
[Result "0-1"]
[WhiteElo "1519"]
[BlackElo "1735"]
[PlyCount "54"]
[EventDate "2015.??.??"]
[WhiteTeam "SC Widdern"]
[BlackTeam "TSV/RSK Esslingen"]

1. e4 c6 2. d4 d5 3. e5 Bf5 4. h4 h5 5. Bd3 Bxd3 6. Qxd3 e6 7. Be3 Nd7 8. c4
Bb4+ 9. Nc3 Ne7 10. a3 Bxc3+ 11. Qxc3 dxc4 12. Qxc4 Nb6 13. Qe2 Ned5 14. Nf3
Qc7 15. O-O O-O 16. Ng5 g6 17. g4 hxg4 18. Qxg4 Kg7 19. h5 Ne7 20. Kg2 Rh8 21.
Rh1 Nbd5 22. hxg6 Nxg6 23. Ne4 Rag8 24. Bg5 Kf8 25. Kf3 Qb6 26. Nc5 Qxc5 27.
Rxh8 Rxh8 0-1

[Event "Stuttgarter Stadtmeisterschaft B"]
[Site "Ditzingen"]
[Date "2015.05.16"]
[Round "5.32"]
[White "Mayer, Dietmar"]
[Black "Steinmassl, Guido"]
[Result "1-0"]
[WhiteElo "1730"]
[BlackElo "1636"]
[PlyCount "67"]
[EventDate "2015.??.??"]
[WhiteTeam "SC Böblingen"]
[BlackTeam "SK Gerlingen"]

1. d4 Nf6 2. Nf3 e6 3. e3 b6 4. Bd3 Bb7 5. Nbd2 d5 6. Ne5 Nfd7 7. O-O c5 8. b3
Nc6 9. f4 cxd4 10. Nxc6 Bxc6 11. exd4 g6 12. Nf3 Qc7 13. Ne5 Nf6 14. Qe2 Bb4
15. Nxc6 Qxc6 16. Bb5 Qd7 17. Bxd7+ Nxd7 18. Bd2 Be7 19. c4 dxc4 20. Qxc4 O-O
21. Rac1 Rfd8 22. Bb4 Bf6 23. Rfd1 b5 24. Qe2 Nb6 25. Ba5 Bxd4+ 26. Kf1 Rd5 27.
Bxb6 axb6 28. Rc7 Re8 29. Qc2 Kg7 30. Qe4 Kf8 31. Rxd4 f5 32. Qd3 Red8 33. Rxd5
Rxd5 34. Qc3 1-0

[Event "Stuttgarter Stadtmeisterschaft B"]
[Site "Ditzingen"]
[Date "2015.05.16"]
[Round "5.33"]
[White "Ungerer, Tobias"]
[Black "Gorb, Eugeniusz"]
[Result "0-1"]
[WhiteElo "1179"]
[BlackElo "1725"]
[PlyCount "56"]
[EventDate "2015.??.??"]
[WhiteTeam "Schach-Kids Bernhausen"]
[BlackTeam "SK Sachsenheim"]

1. e4 e6 2. d4 d5 3. Nc3 dxe4 4. Nxe4 Nf6 5. Ng3 c5 6. c3 cxd4 7. cxd4 Nc6 8.
Nf3 Bd6 9. Bd3 O-O 10. Bg5 h6 11. Be3 Nb4 12. Bb1 Bd7 13. Qd2 Nbd5 14. a3 Nxe3
15. fxe3 Bb5 16. a4 Ba6 17. Ne2 Qe7 18. Ba2 Bb4 19. Nc3 Rac8 20. Bb1 Nd5 21.
Qc2 Bxc3+ 22. bxc3 f5 23. Qf2 Rxc3 24. Ne5 Rc1+ 25. Kd2 Rxh1 26. Kc2 Rc8+ 27.
Nc4 Rxc4+ 28. Kd3 Rcc1+ 0-1

[Event "Stuttgarter Stadtmeisterschaft B"]
[Site "Ditzingen"]
[Date "2015.05.16"]
[Round "5.34"]
[White "Kusch, Jacek"]
[Black "Giebler, Kai"]
[Result "1-0"]
[WhiteElo "1720"]
[BlackElo "1528"]
[PlyCount "53"]
[EventDate "2015.??.??"]
[WhiteTeam "SV Urach"]
[BlackTeam "TSF Ditzingen"]

1. e4 e5 2. Nf3 Nc6 3. d4 exd4 4. Bc4 Bb4+ 5. c3 dxc3 6. bxc3 Bc5 7. Bxf7+ Kxf7
8. Qd5+ Ke8 9. Qh5+ g6 10. Qxc5 d6 11. Qb5 Qd7 12. O-O a6 13. Qb3 b5 14. c4 Na5
15. Qc3 Nf6 16. Qxa5 Bb7 17. Bb2 Rf8 18. Nbd2 bxc4 19. Qg5 Nxe4 20. Nxe4 Bxe4
21. Rfe1 d5 22. Rad1 Rf5 23. Qh4 Qe7 24. Qxe7+ Kxe7 25. Nd4 Rg5 26. f3 c5 27.
Nc2 1-0

[Event "Stuttgarter Stadtmeisterschaft B"]
[Site "Ditzingen"]
[Date "2015.05.16"]
[Round "5.35"]
[White "Dendic, Amar"]
[Black "Fischer, Lothar"]
[Result "1-0"]
[WhiteElo "1449"]
[BlackElo "1717"]
[PlyCount "75"]
[EventDate "2015.??.??"]
[WhiteTeam "Stuttgarter SF 1879"]
[BlackTeam "SV Reutlingen"]

1. e4 d6 2. Nf3 e5 3. Bc4 Be7 4. Nc3 c6 5. d3 Nf6 6. Bb3 O-O 7. O-O Nbd7 8. a3
Nc5 9. Ba2 Be6 10. Bxe6 Nxe6 11. Ne2 Qc7 12. Ng3 Rfd8 13. Nf5 Bf8 14. Ng5 d5
15. Qf3 Rac8 16. Re1 d4 17. Qg3 Nf4 18. Nh3 Nxh3+ 19. Qxh3 c5 20. Bg5 Qb6 21.
Qg3 Re8 22. Nh6+ Kh8 23. Nxf7+ Kg8 24. Nxe5 Nh5 25. Nc4 Nxg3 26. Nxb6 axb6 27.
fxg3 h6 28. Bd2 g5 29. Rf1 Bg7 30. Rf5 Be5 31. Raf1 c4 32. Re1 Bg7 33. Rff1 b5
34. h4 gxh4 35. gxh4 c3 36. bxc3 dxc3 37. Be3 Bf8 38. Rb1 1-0

[Event "Stuttgarter Stadtmeisterschaft B"]
[Site "Ditzingen"]
[Date "2015.05.16"]
[Round "5.38"]
[White "Giugno, Carmelo"]
[Black "Pelezki, Sergej"]
[Result "1/2-1/2"]
[WhiteElo "1659"]
[BlackElo "1839"]
[PlyCount "90"]
[EventDate "2015.??.??"]
[WhiteTeam "Stuttgarter SF 1879"]
[BlackTeam "SV 1947 Wendlingen"]

1. d4 d5 2. c4 e5 3. e3 dxc4 4. Bxc4 Bb4+ 5. Bd2 Bxd2+ 6. Qxd2 exd4 7. Qxd4
Qxd4 8. exd4 c6 9. a4 Nf6 10. Nf3 O-O 11. O-O Bf5 12. Nc3 Nbd7 13. Ne5 Nb6 14.
Bb3 Rad8 15. a5 Nbd7 16. a6 Nxe5 17. dxe5 Nd7 18. axb7 Nc5 19. Ba4 Nxb7 20.
Bxc6 Nc5 21. Rxa7 Nd3 22. Nd5 Be6 23. Ne7+ Kh8 24. f4 Nxb2 25. f5 Bc4 26. Rc1
Bd3 27. h3 Nc4 28. Re1 f6 29. e6 Ne5 30. Bd7 Bc4 31. Rc7 Ba6 32. Nd5 Nxd7 33.
e7 Ne5 34. exf8=Q+ Rxf8 35. Ra1 Bc4 36. Nf4 Re8 37. Raa7 g5 38. Rxh7+ Kg8 39.
Nh5 Ng4 40. hxg4 Kf8 41. Rh8+ Bg8 42. Nxf6 Re1+ 43. Kf2 Re2+ 44. Kg1 Re1+ 45.
Kh2 Rh1+ 1/2-1/2

[Event "Stuttgarter Stadtmeisterschaft B"]
[Site "Ditzingen"]
[Date "2015.05.16"]
[Round "5.39"]
[White "Hartmann, Anatoli"]
[Black "Pelezki, Jurij"]
[Result "1-0"]
[WhiteElo "1630"]
[BlackElo "1822"]
[PlyCount "95"]
[EventDate "2015.??.??"]
[WhiteTeam "SK Sachsenheim"]
[BlackTeam "SV Fellbach"]

1. d4 d5 2. Bf4 Bf5 3. e3 Nf6 4. Bd3 Bxd3 5. Qxd3 c6 6. Nf3 Nbd7 7. Nbd2 g6 8.
h3 Rc8 9. Ne5 Bg7 10. Nxd7 Qxd7 11. Be5 O-O 12. O-O Qe6 13. b4 b6 14. Nf3 Ne4
15. Bxg7 Kxg7 16. a3 g5 17. Nh2 f5 18. f3 Ng3 19. Rf2 Rf7 20. Rc1 Qd6 21. c4 e6
22. cxd5 Qxd5 23. Qd2 h6 24. Nf1 Nh5 25. Qc3 Nf6 26. Nh2 h5 27. Qd2 Kg6 28. Qd3
Kg7 29. Rcf1 Rcf8 30. Rc1 g4 31. fxg4 hxg4 32. hxg4 fxg4 33. e4 Nxe4 34. Rxf7+
Rxf7 35. Nxg4 Qf5 36. Re1 Qxg4 37. Rxe4 Qf5 38. g4 Qd5 39. Qe2 Rf6 40. Qe3 Rg6
41. Qf4 Rf6 42. Qe3 Kf7 43. Rf4 Qg5 44. Rxf6+ Kxf6 45. Qf3+ Ke7 46. Kg2 Qd5 47.
Qxd5 cxd5 48. Kf3 1-0

[Event "Stuttgarter Stadtmeisterschaft B"]
[Site "Ditzingen"]
[Date "2015.05.16"]
[Round "5.41"]
[White "Zaytsev, Evgeny"]
[Black "Christ, Marcel"]
[Result "0-1"]
[WhiteElo "1736"]
[BlackElo "1658"]
[PlyCount "52"]
[EventDate "2015.??.??"]
[WhiteTeam "Stuttgarter SF"]
[BlackTeam "SC Ingersheim"]

1. e4 c5 2. Nf3 d6 3. d4 cxd4 4. Nxd4 Nf6 5. Nc3 g6 6. Bc4 Bg7 7. Bb3 Nc6 8.
Nxc6 bxc6 9. Bg5 O-O 10. f3 a5 11. a4 Ba6 12. Qd2 Qc7 13. O-O-O Rab8 14. Bh6
Rfd8 15. Bxg7 Kxg7 16. Qf4 c5 17. g4 c4 18. Ba2 Qb6 19. h4 Qxb2+ 20. Kd2 d5 21.
e5 Ne4+ 22. fxe4 dxe4+ 23. Ke2 Qxc2+ 24. Rd2 Qxc3 25. h5 Rxd2+ 26. Qxd2 Qf3+
0-1

[Event "Stuttgarter Stadtmeisterschaft B"]
[Site "Ditzingen"]
[Date "2015.05.16"]
[Round "5.42"]
[White "Krebs, Thomas"]
[Black "Hornung, Richard"]
[Result "1/2-1/2"]
[WhiteElo "1455"]
[BlackElo "1716"]
[PlyCount "91"]
[EventDate "2015.??.??"]
[WhiteTeam "SK e4 Gerlingen"]
[BlackTeam "SG Schwabing München"]

1. e4 e6 2. d4 d5 3. Nd2 dxe4 4. Nxe4 Nf6 5. Nxf6+ Qxf6 6. Nf3 Bd6 7. Bg5 Qf5
8. Bd3 Qd5 9. O-O h6 10. Be3 Nc6 11. a3 Bd7 12. c4 Qh5 13. h3 e5 14. Nxe5 Qxd1
15. Raxd1 Nxe5 16. dxe5 Bxe5 17. Rfe1 Be6 18. Bc1 Bf6 19. Bf5 Ke7 20. Bxe6 fxe6
21. Kf1 Rhd8 22. Ke2 Rd6 23. Be3 Rxd1 24. Rxd1 Bxb2 25. Rb1 Bxa3 26. Rxb7 Kd7
27. Rxa7 Rxa7 28. Bxa7 Kc6 29. Bd4 g6 30. Kd3 Bc5 31. Bg7 h5 32. f3 Bf2 33. g4
hxg4 34. hxg4 Kd6 35. f4 Bg3 36. Be5+ Kc6 37. Ke4 Be1 38. Bd4 Bb4 39. Ke5 Bd6+
40. Kxe6 Bxf4 41. Be5 g5 42. Kf5 Bxe5 43. Kxe5 Kc5 44. Kf5 Kxc4 45. Kxg5 Kd4
46. Kf6 1/2-1/2

[Event "Stuttgarter Stadtmeisterschaft B"]
[Site "Ditzingen"]
[Date "2015.05.16"]
[Round "5.43"]
[White "Schmitz, Harald"]
[Black "Schreiber, Winfried"]
[Result "1-0"]
[WhiteElo "1701"]
[BlackElo "1563"]
[PlyCount "53"]
[EventDate "2015.??.??"]
[WhiteTeam "SC Aidlingen"]

1. e4 c5 2. c3 Nc6 3. Nf3 g6 4. d4 cxd4 5. cxd4 Bg7 6. Be3 e6 7. Nc3 a6 8. Be2
Nf6 9. h3 O-O 10. e5 Nd5 11. Nxd5 exd5 12. Qd2 Qa5 13. O-O Qxd2 14. Nxd2 d6 15.
f4 dxe5 16. fxe5 Bd7 17. Bf3 Be6 18. a3 f6 19. exf6 Bxf6 20. Nb3 b6 21. Rac1
Rac8 22. Be2 a5 23. Bb5 Bd7 24. Rc3 Rf7 25. Rfc1 Be8 26. Bxc6 Rfc7 27. Bxd5+
1-0

[Event "Stuttgarter Stadtmeisterschaft B"]
[Site "Ditzingen"]
[Date "2015.05.16"]
[Round "5.44"]
[White "Domingos, Antonio"]
[Black "Froehlich, Franziska"]
[Result "1-0"]
[WhiteElo "1690"]
[BlackElo "1456"]
[PlyCount "67"]
[EventDate "2015.??.??"]
[BlackTeam "SK Gerlingen"]

1. e4 e6 2. d4 d5 3. Nd2 Nf6 4. e5 Nfd7 5. f4 c5 6. c3 Nc6 7. Ngf3 Qb6 8. Qb3
cxd4 9. Qxb6 Nxb6 10. Nxd4 Be7 11. Nb5 O-O 12. a4 f6 13. a5 Nd7 14. Nc7 Rb8 15.
Nxe6 Rf7 16. Nc7 fxe5 17. Nxd5 exf4 18. Bc4 Kh8 19. Nf3 Nde5 20. Nxe5 Nxe5 21.
Be2 Bh4+ 22. Kd1 Be6 23. Bxf4 Bxd5 24. Bxe5 Bb3+ 25. Kc1 Rd8 26. Bd4 Bg5+ 27.
Kb1 Rc7 28. Ra3 Bf7 29. Rd1 Bg6+ 30. Ka1 Rcd7 31. Rf1 Bc2 32. Rf2 Be3 33. Bxe3
Rd1+ 34. Bxd1 1-0

[Event "Stuttgarter Stadtmeisterschaft B"]
[Site "Ditzingen"]
[Date "2015.05.16"]
[Round "5.45"]
[White "Grünwald, Max"]
[Black "De Luna Butz, Alberto"]
[Result "1/2-1/2"]
[WhiteElo "1560"]
[BlackElo "1802"]
[PlyCount "155"]
[EventDate "2015.??.??"]
[WhiteTeam "SV Jedesheim"]
[BlackTeam "SV Oberstenfeld"]

1. e4 e6 2. Nf3 d5 3. e5 c5 4. b4 cxb4 5. a3 Nc6 6. axb4 Bxb4 7. c3 Be7 8. d4
Bd7 9. Bd3 Rc8 10. h4 h6 11. Rh3 f5 12. exf6 Bxf6 13. Bg6+ Kf8 14. Ba3+ Nge7
15. Nh2 Be8 16. Bd3 h5 17. Qf3 Bf7 18. g4 hxg4 19. Nxg4 Bh5 20. Qf4 Kf7 21.
Ne5+ Kg8 22. Rg3 Bxe5 23. dxe5 Qf8 24. Qg5 Qf7 25. Nd2 Nf5 26. Bxf5 exf5 27. e6
Qxe6+ 28. Kf1 g6 29. Re1 Qf7 30. Nf3 Bxf3 31. Rxf3 Rh5 32. Qg3 Re8 33. Rxe8+
Qxe8 34. Qd6 Rxh4 35. Qxd5+ Qf7 36. Qd6 Kh7 37. Rg3 Qc4+ 38. Kg1 Qf7 39. Bc1 a6
40. Bg5 Rg4 41. Rxg4 fxg4 42. Qg3 Qd7 43. Qh4+ Kg8 44. Bf6 Qd1+ 45. Kg2 Qf3+
46. Kg1 Qh3 47. Qg5 Kf7 48. Be5 Nxe5 49. Qxe5 Qf3 50. Qc7+ Ke6 51. Qb6+ Kf5 52.
Qc5+ Ke4 53. Qd4+ Kf5 54. Qc5+ Ke6 55. Qb6+ Qc6 56. Qe3+ Kf5 57. Qd3+ Qe4 58.
Qd7+ Kf4 59. Qf7+ Kg5 60. Qd7 Qe1+ 61. Kg2 Qxc3 62. Qe7+ Qf6 63. Qe3+ Kh5 64.
Qc5+ Qf5 65. Qd4 a5 66. Qh8+ Kg5 67. Qd8+ Kf4 68. Qd2+ Ke4 69. Qe1+ Kd4 70.
Qd2+ Kc4 71. Qa2+ Kb5 72. Qb3+ Ka6 73. Qc4+ b5 74. Qc6+ Ka7 75. Qc7+ Ka6 76.
Qc6+ Ka7 77. Qc7+ Ka6 78. Qc6+ 1/2-1/2

[Event "Stuttgarter Stadtmeisterschaft B"]
[Site "Ditzingen"]
[Date "2015.05.16"]
[Round "5.46"]
[White "Weber, Yannik"]
[Black "Uhlarz, Jörg"]
[Result "0-1"]
[WhiteElo "1545"]
[BlackElo "1690"]
[PlyCount "70"]
[EventDate "2015.??.??"]
[WhiteTeam "SC Neckarsulm"]
[BlackTeam "SC Mühlacker"]

1. e4 e5 2. Nc3 c6 3. Bc4 Nf6 4. Nf3 Bd6 5. d4 Qa5 6. O-O O-O 7. Bg5 exd4 8.
Bxf6 gxf6 9. Nxd4 Qg5 10. Nce2 Bc5 11. Kh1 d5 12. f4 Qh5 13. exd5 cxd5 14. Bd3
Bg4 15. Qe1 Nc6 16. Nb3 Bd6 17. Qg3 Kh8 18. Nc3 Rg8 19. Qf2 Qh6 20. Nb5 Bb8 21.
Rae1 a6 22. Nc3 Ba7 23. Qd2 Rad8 24. Be2 Be6 25. f5 Qxd2 26. Nxd2 Bc8 27. Rd1
b5 28. Nf3 Nb4 29. a3 Nxc2 30. Rxd5 Ne3 31. Rxd8 Rxd8 32. Re1 Bxf5 33. Bxb5
axb5 34. Nxb5 Bb6 35. Kg1 Nc2+ 0-1

[Event "Stuttgarter Stadtmeisterschaft B"]
[Site "Ditzingen"]
[Date "2015.05.16"]
[Round "5.47"]
[White "Weisensel, Wolfgang"]
[Black "De Oliveira Vasconcelos, Marcel B"]
[Result "1/2-1/2"]
[WhiteElo "1685"]
[BlackElo "1499"]
[PlyCount "104"]
[EventDate "2015.??.??"]
[WhiteTeam "Stuttgarter SF"]
[BlackTeam "SV Dicker Turm Esslingen"]

1. d4 d5 2. Nf3 Nf6 3. c4 c6 4. e3 Bf5 5. Bd3 Bxd3 6. Qxd3 e6 7. Nbd2 Nbd7 8.
O-O Be7 9. Re1 O-O 10. b3 c5 11. Bb2 Rc8 12. Rac1 cxd4 13. exd4 Rc6 14. cxd5
Rxc1 15. Rxc1 Nxd5 16. a3 a6 17. g3 b5 18. Qe2 Bd6 19. Rc6 N7b6 20. Ne4 Be7 21.
Rc2 Qa8 22. Nc3 Rc8 23. Nxd5 Nxd5 24. Ne1 Rc6 25. Rxc6 Qxc6 26. Qc2 Qxc2 27.
Nxc2 a5 28. Ne3 Kf8 29. Kf1 Ke8 30. Ke2 Kd7 31. Nd1 Kc6 32. Kd3 h5 33. Ne3 h4
34. f4 f5 35. Nc2 g5 36. fxg5 Bxg5 37. Bc3 hxg3 38. hxg3 Bd8 39. Be1 Kd7 40. b4
axb4 41. axb4 Bc7 42. Bf2 Bd6 43. Be1 Ke7 44. Ke2 Kf6 45. Kf3 Kg5 46. Bd2+ Kh5
47. Be1 Kg6 48. Bd2 Kf6 49. Kf2 e5 50. dxe5+ Kxe5 51. Kf3 Ke6 52. Nd4+ Kf6
1/2-1/2